000 00688nam a2200229Ia 4500
003 OSt
005 20220918191936.0
006 a|||||r|||| 00| 0
007 ta
008 220917b |||||||| |||| 00| 0 eng d
024 _a66,052
037 _cTextual
040 _aARTS
_cARTS
_beng
041 _2eng
_aeng
082 _aR20aP, L5-;1
100 _aGunderson Keith ed
_977788
245 0 _aLanguage mind and knowledge
260 _aMinneapolis
_bUniv Of Minnesota press
_c1975
490 _aMinnesota studis in the philosophy of science ed by Herbert Feigl and Grover Maxwell
942 _hR20aP, L5-;1
_cTEXL
_2CC
999 _c192286
_d192286